Scottish League Cup Winners in Order - Statistics

General Stats
  • This quiz has been taken 9 times
  • The average score is 20 of 80
Answer Stats
Season Club % Correct
46/47 Rangers FC
100%
95/96 Aberdeen FC
43%
99/00 Celtic FC
43%
00/01 Celtic FC
43%
05/06 Celtic FC
43%
08/09 Celtic FC
43%
14/15 Celtic FC
43%
16/17 Celtic FC
43%
17/18 Celtic FC
43%
18/19 Celtic FC
43%
19/20 Celtic FC
43%
21/22 Celtic FC
43%
22/23 Celtic FC
43%
24/25 Celtic FC
43%
91/92 Hibernian FC
43%
06/07. Hibernian FC
43%
48/49 Rangers FC
43%
90/91 Rangers FC
43%
92/93 Rangers FC
43%
93/94 Rangers FC
43%
01/02 Rangers FC
43%
02/03 Rangers FC
43%
04/05 Rangers FC
43%
07/08 Rangers FC
43%
09/10 Rangers FC
43%
10/11 Rangers Fc
43%
23/24 Rangers FC
43%
20/21 St. Johnstone Fc
43%
89/90 Aberdeen FC
29%
13/14 Aberdeen FC
29%
97/98 Celtic FC
29%
86/87 Rangers FC
29%
87/88 Rangers FC
29%
88/89 Rangers FC
29%
96/97 Rangers FC
29%
98/99 Rangers FC
29%
25/26 St. Mirren FC
29%
76/77 Aberdeen FC
14%
85/86 Aberdeen FC
14%
56/57 Celtic FC
14%
57/58 Celtic FC
14%
65/66 Celtic FC
14%
66/67 Celtic FC
14%
67/68 Celtic FC
14%
68/69 Celtic FC
14%
69/70 Celtic FC
14%
74/75 Celtic FC
14%
80/81 Dundee United FC
14%
47/48 East Fife FC
14%
49/50 East Fife FC
14%
54/55 Heart of Midlothian FC
14%
58/59 Heart of Midlothian FC
14%
59/60 Heart of Midlothian FC
14%
11/12 Kilmarnock FC
14%
03/04 Livingston FC
14%
50/51 Motherwell FC
14%
71/72 Partick Thistle FC
14%
94/95 Raith Rovers FC
14%
61/62 Rangers FC
14%
63/64 Rangers FC
14%
64/65 Rangers FC
14%
70/71 Rangers FC
14%
75/76 Rangers FC
14%
77/78 Rangers FC
14%
78/79 Rangers FC
14%
81/82 Rangers FC
14%
83/84 Rangers FC
14%
84/85 Rangers FC
14%
15/16 Ross County FC
14%
12/13 St. Mirren FC
14%
55/56 Aberdeen FC
0%
82/83 Celtic FC
0%
51/52 Dundee FC
0%
52/53 Dundee FC
0%
73/74 Dundee FC
0%
79/80 Dundee United FC
0%
53/54 East Fife FC
0%
62/63 Heart of Midlothian FC
0%
72/73 Hibernian FC
0%
60/61 Rangers FC
0%
No matching quizzes found
Score Distribution
Percent of People with Each Score
Percentile by Number Answered
Your Score History
You have not taken this quiz